000
00196 a2200097 4500
020
_a
9789681682774
041
_a
spa
100
_a
Juan Farias
245
_a
Gallego ala orilla del mar
942
_c
BK
999
_c
11443
_d
11443